书目信息 |
| 题名: |
高层与大跨建筑施工技术
|
|
| 作者: | 郝临山 , 陈晋中 主编 | |
| 分册: | ||
| 出版信息: | 北京 机械工业出版社 2004.2 |
|
| 页数: | 472页 | |
| 开本: | 24cm | |
| 丛书名: | 21世纪建筑工程系列规划教材 | |
| 单 册: | ||
| 中图分类: | TU974 , TU745.2 | |
| 科图分类: | ||
| 主题词: | 大跨度结构--建筑物--工程施工--教材 , 建筑物 , 高层建筑--工程施工--教材 , 高层建筑--工程施工--工程机械 , 高层建筑--工程施工--施工机具 , 高层建筑--工程施工 , 高层建筑--工程施工--设备 | |
| 电子资源: | ||
| ISBN: | 7-111-13585-7 | |
| 000 | 01063nam2 2200337 45 | |
| 001 | 012004000000 | |
| 005 | 20061212105430.48 | |
| 010 | @a7-111-13585-7@dCNY 36.00 | |
| 100 | @a20041210d2004 em y0chiy0121 ea | |
| 101 | 0 | @achi |
| 102 | @aCN@b110000 | |
| 105 | @aak z 000yy | |
| 200 | 1 | @a高层与大跨建筑施工技术@Agao ceng yu da kuai jian zhu shi gong ji shu@f郝临山, 陈晋中主编 |
| 210 | @a北京@c机械工业出版社@d2004.2 | |
| 215 | @a472页@c图, 表格@d24cm | |
| 225 | 2 | @a21世纪建筑工程系列规划教材 |
| 320 | @a书末附附录和参考文献 | |
| 410 | 0 | @12001 @a21世纪建筑工程系列规划教材 |
| 606 | 0 | @a大跨度结构@x建筑物@x工程施工@j教材 |
| 606 | 0 | @a建筑物 |
| 606 | 0 | @a高层建筑@x工程施工@j教材 |
| 606 | 0 | @a高层建筑@x工程施工@x工程机械 |
| 606 | 0 | @a高层建筑@x工程施工@x施工机具 |
| 606 | 0 | @a高层建筑@x工程施工 |
| 606 | 0 | @a高层建筑@x工程施工@x设备 |
| 690 | @aTU974@v3 | |
| 690 | @aTU745.2@v4 | |
| 701 | 0 | @a郝临山@Ahao lin shan@4主编 |
| 701 | 0 | @a陈晋中@Achen jin zhong@4主编 |
| 801 | 0 | @aCN@bQSSKxf@c20061212 |
| 905 | @a10447@dTU974@eH140 | |
| 高层与大跨建筑施工技术/郝临山, 陈晋中主编.-北京:机械工业出版社,2004.2 |
| 472页:图, 表格;24cm.-(21世纪建筑工程系列规划教材) |
| ISBN 7-111-13585-7:CNY 36.00 |
| ● |
| 相关链接 |
|
|
|
正题名:高层与大跨建筑施工技术
索取号:TU974/H140
 
预约/预借
| 序号 | 登录号 | 条形码 | 馆藏地/架位号 | 状态 | 备注 |
| 1 | 436067 | 204360672 | 建筑库201/201建筑库 58排2列2层/ [索取号:TU974/H140] | 在馆 | |
| 2 | 436068 | 204360681 | 自科二线404/404自科库 19排2列5层/ [索取号:TU974/H140] | 在馆 | |
| 3 | 436069 | 204360690 | 建筑库201/201建筑库 58排2列2层/ [索取号:TU974/H140] | 在馆 | |
| 4 | 443744 | 204437449 | 管理学院资料室/ [索取号:TU974/H140] | 在馆 |